00501nam a22001697a 4500003000400000008004100004082001600045100003100061245009500092260006100187300001000248502001700258650001700275650001700292650001100309650001100320OSt260429b |||||||| |||| 00| 0 eng d a635.4bS48M aSingh, Kamleshwari Prasad. aManifestation of Heterosis and Seasonal Adaptability in Bottle Gourd .... (Molina) Standl. aSabour, BhagalpurbBihar Agricultural College, RAUc1993 a143p. bPh. D.d1993 aHorticulture aBottle Gourd aThesis aPh. D.